00329nam a2200121 450000500170000010000190001724500310003626400520006730000180011933600220013733700240015933800240018320260530113853.01 aCarlos Fuentes10aPor un Progreso Incluyente 1bInst. De Estudios Sindicales de Occidentec1997 a126 páginas atexto2rdacontent asin medio2rdamedia avolumen2rdacarrier